000 00838nas a2200277 4500
001 BR8201904
003 BR-BrBNA
005 20231205085121.0
007 ta
008 230509b bl.|||p| |||| 00| 00por d
040 _aBR-BrBNA
_bpor
_cBiblioteca Nacional de Agricultura
041 _a(Pt)
072 _aL30; L32
100 1 _aSleutijes, M.A.
245 1 _aA alimentacao do gado na seca [Nutricao animal; Ensilagem; Forragem; Fenacao; Valor nutritivo; Brasil]
650 _aINDUSTRIA ALIMENTICIA
650 _aGADO
650 _aALIMENTACAO NA SECA
650 _aENSILAGEM
650 _aFENACAO
650 _aFORRAGEM
650 _aVALOR NUTRITIVO
773 0 _tAgricultura de Hoje (Brazil)
_xISSN 0100-5707
_g(Mar 1982), v. 7(78) p. 32-37
_wBR8201904
909 _a202311
_bLúcia
_c55
_dLúcia Elande
942 _2AGRIS
_n0
_cANA
999 _c109331
_d109331